| 000 | 00503nam a22001217a 4500 | ||
|---|---|---|---|
| 008 | 230612b xxu||||| |||| 00| 0 eng d | ||
| 082 |
_a354.676200723 _bKEN |
||
| 245 |
_aThe Report of The Controller and Auditor-General to Parliament on The Appropriation Accounts, other Public Accounts and the Accounts of the Funds of the Republic of Kenya for the Year 2006/2007 _cGovernment of Kenya |
||
| 260 |
_aKenya _bGovernment of Kenya _c2007 |
||
| 300 | _a665 p | ||
| 710 | _bGovernment of Kenya | ||
| 942 |
_2ddc _cBK |
||
| 999 |
_c1011 _d1011 |
||